THE COPPER BEECHES / (Record no. 186387)

MARC details
000 -LEADER
fixed length control field 01560nam a22003971i 4500
003 - CONTROL NUMBER IDENTIFIER
control field OSt
005 - DATE AND TIME OF LATEST TRANSACTION
control field 20230108104444.0
008 - FIXED-LENGTH DATA ELEMENTS--GENERAL INFORMATION
fixed length control field 211206s2020 -uka jr 000 1 eng d
020 ## - INTERNATIONAL STANDARD BOOK NUMBER
International Standard Book Number 9781782264217
Terms of availability RM 42.60
Qualifying information paperback
040 ## - CATALOGING SOURCE
Original cataloging agency PPAK
Language of cataloging eng
Transcribing agency PPAK
Description conventions rda
082 04 - DEWEY DECIMAL CLASSIFICATION NUMBER
Classification number 823.92
Edition number 23
090 00 - LOCALLY ASSIGNED LC-TYPE CALL NUMBER (OCLC); LOCAL CALL NUMBER (RLIN)
Classification number (OCLC) (R) ; Classification number, CALL (RLIN) (NR) 823.92
Feature heading DOY
Feature heading K
100 1# - MAIN ENTRY--PERSONAL NAME
Personal name Doyle, Arthur Conan,
Dates associated with a name 1859-1930.
Relator term author
245 14 - TITLE STATEMENT
Title THE COPPER BEECHES /
Statement of responsibility, etc. SIR ARTHUR CONAN DOYLE ; adapted by Stephanie Baudet ; illustrated by Arianna Bellucci.
250 ## - EDITION STATEMENT
Edition statement 2020 edition.
264 #1 - PRODUCTION, PUBLICATION, DISTRIBUTION, MANUFACTURE, AND COPYRIGHT NOTICE
Place of production, publication, distribution, manufacture Leicester, United Kingdom :
Name of producer, publisher, distributor, manufacturer Sweet Cherry Publishing,
Date of production, publication, distribution, manufacture, or copyright notice 2020.
300 ## - PHYSICAL DESCRIPTION
Extent 110 pages :
Other physical details illustrations ;
Dimensions 20 cm.
336 ## - CONTENT TYPE
Content type term text
Source rdacontent
Content type term still image
Source rdacontent
337 ## - MEDIA TYPE
Media type term unmediated
Source rdamedia
338 ## - CARRIER TYPE
Carrier type term volume
Source rdacarrier
490 1# - SERIES STATEMENT
Series statement Sherlock Holmes children's collection
502 ## - DISSERTATION NOTE
Dissertation note "Includes free audiobook! QR code inside."--Cover.
520 ## - SUMMARY, ETC.
Summary, etc. An adapted and illustrated edition of Sir Arthur Conan Doyle's classic mystery!
521 ## - TARGET AUDIENCE NOTE
Target audience note 7-10 years old.
600 1# - SUBJECT ADDED ENTRY--PERSONAL NAME
Personal name Holmes, Sherlock
Form subdivision Juvenile fiction.
Personal name Watson, John H.
Titles and other words associated with a name (Fictitious character)
Form subdivision Juvenile fiction.
650 #0 - SUBJECT ADDED ENTRY--TOPICAL TERM
Topical term or geographic name entry element Children's stories
655 #7 - INDEX TERM--GENRE/FORM
Genre/form data or focus term Detective and mystery stories
Genre/form data or focus term Children's stories
700 1# - ADDED ENTRY--PERSONAL NAME
Personal name Baudet, Stephanie,
Relator term author
Personal name Bellucci, Arianna,
Titles and other words associated with a name (Illustrator),
Relator term illustrator.
830 #0 - SERIES ADDED ENTRY--UNIFORM TITLE
Uniform title Sherlock Holmes children's collection
856 40 - ELECTRONIC LOCATION AND ACCESS
Uniform Resource Identifier <a href="www.sweetcherrypublishing.net/Audiobooks/SherlockHolmes/9781782264217">www.sweetcherrypublishing.net/Audiobooks/SherlockHolmes/9781782264217</a>
942 ## - ADDED ENTRY ELEMENTS (KOHA)
Source of classification or shelving scheme Dewey Decimal Classification
Koha item type Book
Holdings
Withdrawn Not for loan Current library Shelving location Date acquired Total Checkouts Full call number Barcode Date last seen Date last checked out Koha item type Total Renewals
    Perpustakaan Alor Setar Pinjaman Kanak-kanak 27/01/2022 7 K 823.92 DOY A01720780 17/08/2025 08/07/2025 Book  
    Perpustakaan Awam Sungai Petani Pinjaman Kanak-kanak 27/01/2022 11 K 823.92 DOY A01720781 22/04/2026 08/03/2026 Book 5
    Perpustakaan Baling Pinjaman Kanak-kanak 27/01/2022   K 823.92 DOY A01720783 27/01/2022   Book  
    Perpustakaan Kulim Pinjaman Kanak-kanak 27/01/2022 1 K 823.92 DOY A01720782 14/07/2024 16/06/2024 Book